Hebrew Bible Q & A Quiz Stats

 Plays Quiz Updated Mar 13, 2015

Challenge
Share
Tweet
Embed
Score 0/15 Timer 06:00
1 Play Today
Hint Answer % Correct
Of whom was this question asked: 'What hast thou done? the voice of thy brother's blood crieth unto me from the ground.'Cain
92.3%
Who asked of the LORD, 'Wilt thou also destroy the righteous with the wicked? ... wilt thou also destroy and not spare the place for the fifty righteous that are therein?'Abraham
69.9%
Who stood in the gate of the camp and asked this question: 'Who is on the LORD's side?'Moses
67.6%
Who asked: ' ... Is not he rightly named Jacob? for he hath supplanted me these two times: he took away my birthright; and, behold, now he hath taken away my blessing.Esau
67.5%
Who asked: 'What is man, that thou art mindful of him? ... For thou hast made him a little lower than the angels, and hast crowned him with glory and honour.'David
56.3%
An angel found her in the wilderness and asked, 'whence camest thou? and whither wilt thou go?' She replied, 'I flee from the face of my mistress ...' Who was she?Hagar
54.1%
Whom did the LORD ask: 'Where wast thou when I laid the foundations of the earth? ...When the morning stars sang together, and all the sons of God shouted for joy?Job
53.9%
Who said: 'I heard the voice of the Lord, saying, Whom shall I send, and who will go for us?' Isaiah
46.4%
Hint Answer % Correct
Of whom did Jacob ask this question: 'What is this thou hast done unto me? did not I serve with thee for Rachel? wherefore then hast thou beguiled me?' Laban
43.5%
Who asked 'Turn again, my daughters: why will ye go with me? are there yet any more sons in my womb, that they may be your husbands?' Naomi
43.4%
Aaron was one of two people referred to in this passage: 'And they said, Hath the LORD indeed spoken only by Moses? hath he not spoken also by us?' Who was the other? Miriam
43.4%
Who asked: 'Is it true, O Shadrach, Meshach, and Abednego, do not ye serve my gods, nor worship the golden image which I have set up?' Nebuchadnezzar
35.2%
Who asked Abram: 'What is this that thou hast done unto me? why didst thou not tell me that she was thy wife? Why saidst thou, She is my sister?'Pharaoh
32.3%
Who asked this question: 'Hannah, why weepest thou? and why eatest thou not? and why is thy heart grieved? am not I better to thee than ten sons?' Elkanah
16.9%
With whom did an angel have this conversation? 'What seest thou? And I answered, I see a flying scroll; the length thereof is twenty cubits, and the breadth thereof ten cubits.'Zechariah
13.4%

You're not logged in!

Compare scores with friends on all Sporcle quizzes.
OR
Log In

You Might Also Like...

Show Comments

Extras

Top Quizzes Today


Score Distribution

Your Account Isn't Verified!

In order to create a playlist on Sporcle, you need to verify the email address you used during registration. Go to your Sporcle Settings to finish the process.

Report this User

Report this user for behavior that violates our Community Guidelines.

Details: